000 01221cam a2200241 4500
001 ##L135453
008 061026n2006 000 0 eng u
020 _a0859464458
035 _a(Sirsi) u135453
041 0 _aeng
050 0 4 _a658.2 $2 18
100 1 _aWoodman, Patrick
245 0 0 _aBusiness Continuity Management
260 3 _aLondon
_bChartered Management Institute
_c2006
505 1 _aThe extent of business continuity management -- Disruptions: perceptions and experiences -- Good practice in business continuity management -- Managing business continuity
520 _aSeventh report on Business Continuity Management since 1999 reveals that many UK organisations are failing to prepare for disruption, despite evidence outlining the business benefits of continuity planning. Highlights the impact of specific disasters during the past year, and explores the extent of preparations for a potential influenza pandemic.
590 _aIKA311006
650 2 4 _aCMI BUSINESS CONTINUITY MANAGEMENT REPORT
651 4 _aUnited Kingdom
690 _aMANAGEMENT-BUSINESS MANAGEMENT
856 4 0 _uhttps://www.managers.org.uk/
_zView the item free of charge at http://www.managers.org.uk...
942 _n0
999 _c106068
_d106068